000 01778nam a2200517 i 4500
001 25716
003 KOSZ 005
005 20201214085850.0
008 200714s1972 pl a f f 000 0 pol
015 _aUWD 1973/483
035 _a991032520599705066
035 _a(PL-WaBN)b18725478-48omnis_nlop
035 _ab18725478
035 _a(OCoLC)830819857
035 _a(PL)b0000001872547
035 _a(EXLNZ-48OMNIS_NETWORK)9910015435205606
040 _aWA N
_cWA N
_dKOSZ 005/RW
046 _k1972
080 _a624.014.2
080 _a(075.8)
100 1 _aPancewicz, Zygmunt
_d(1923-2008)
_eAutor
245 1 0 _aKonstrukcje stalowe.
_nCz. 1 /
_cZygmunt Pancewicz.
250 _aWydanie 4.
260 _aWarszawa :
_bWydawnictwa Politechniki Warszawskiej,
_c1972.
300 _a187 stron :
_bilustracje ;
_c24 cm.
336 _aTekst
_btxt
_2rdacontent
337 _aBez urządzenia pośredniczącego
_bn
_2rdamedia
338 _aWolumin
_bnc
_2rdacarrier
380 _aKsiążki
380 _aPublikacje dydaktyczne
385 _mPoziom nauczania
_aSzkoły wyższe
388 1 _a1901-2000
388 1 _a1945-1989
490 1 _aWyższe Zawodowe Studia Techniczne dla Pracujących
650 7 _aKonstrukcje stalowe
_2DBN
650 7 _aProjektowanie
650 7 _aZłącza spawane
655 7 _aPodręczniki akademickie
_2DBN
658 _aArchitektura i budownictwo
658 _aInżynieria i technika
710 2 _aOficyna Wydawnicza Politechniki Warszawskiej
_4pbl
830 0 _aWyższe Zawodowe Studia Techniczne dla Pracujących
856 _uhttp://koha.tu.koszalin.pl/cgi-bin/koha/opac-detail.pl?biblionumber=25716
_yKatalog online BPK
942 _2UKD
_cKS
999 _c25716
_d25716